h1

h2

h3

h4

h5
h6
000717613 001__ 717613
000717613 005__ 20251027172633.0
000717613 0247_ $$2HSB$$aeva27262
000717613 0247_ $$2ISSN$$a1868-4483
000717613 0247_ $$2ISSN$$a1868-601X
000717613 0247_ $$2SCOPUS$$aSCOPUS:2-s2.0-85033398146
000717613 0247_ $$2WOS$$aWOS:000433990300012
000717613 0247_ $$2doi$$a10.1007/s12975-017-0585-8
000717613 0247_ $$2pmid$$apmid:29119370
000717613 037__ $$aRWTH-CONV-222643
000717613 041__ $$aEnglish
000717613 1001_ $$0P:(DE-82)706838$$aConzen, Catharina$$b0$$urwth
000717613 245__ $$aVasoconstriction and Impairment of Neurovascular Coupling after Subarachnoid Hemorrhage: a Descriptive Analysis of Retinal Changes$$honline, print
000717613 260__ $$aBerlin$$bSpringer$$c2018
000717613 260__ $$c2017
000717613 3367_ $$00$$2EndNote$$aJournal Article
000717613 3367_ $$0PUB:(DE-HGF)16$$2PUB:(DE-HGF)$$aJournal Article$$bjournal$$mjournal
000717613 3367_ $$2BibTeX$$aARTICLE
000717613 3367_ $$2DRIVER$$aarticle
000717613 3367_ $$2DataCite$$aOutput Types/Journal article
000717613 3367_ $$2ORCID$$aJOURNAL_ARTICLE
000717613 500__ $$aFirst Online: 08 November 2017
000717613 591__ $$aGermany
000717613 7001_ $$0P:(DE-82)098188$$aAlbanna, Walid$$b1$$urwth
000717613 7001_ $$0P:(DE-82)706839$$aWeiss, Miriam$$b2$$urwth
000717613 7001_ $$0P:(DE-82)479605$$aKürten, David$$b3$$urwth
000717613 7001_ $$aVilser, Walthard$$b4
000717613 7001_ $$aKotliar, Konstantin$$b5
000717613 7001_ $$0P:(DE-588)1187203769$$aZäske, Charlotte Elisabeth Sigrid$$b6$$urwth
000717613 7001_ $$0P:(DE-82)IDM06094$$aClusmann, Hans Rainer$$b7$$urwth
000717613 7001_ $$0P:(DE-82)054135$$aSchubert, Gerrit Alexander$$b8$$eCorresponding author$$urwth
000717613 773__ $$0PERI:(DE-600)2541897-X$$a10.1007/s12975-017-0585-8$$n3$$p284-293$$tTranslational stroke research$$v9$$x1868-4483
000717613 909CO $$ooai:publications.rwth-aachen.de:717613$$pVDB
000717613 9101_ $$0I:(DE-588b)36225-6$$6P:(DE-82)706838$$aRWTH Aachen$$b0$$kRWTH
000717613 9101_ $$0I:(DE-588b)36225-6$$6P:(DE-82)098188$$aRWTH Aachen$$b1$$kRWTH
000717613 9101_ $$0I:(DE-588b)36225-6$$6P:(DE-82)706839$$aRWTH Aachen$$b2$$kRWTH
000717613 9101_ $$0I:(DE-588b)36225-6$$6P:(DE-82)479605$$aRWTH Aachen$$b3$$kRWTH
000717613 9101_ $$0I:(DE-588b)36225-6$$6P:(DE-588)1187203769$$aRWTH Aachen$$b6$$kRWTH
000717613 9101_ $$0I:(DE-588b)36225-6$$6P:(DE-82)IDM06094$$aRWTH Aachen$$b7$$kRWTH
000717613 9101_ $$0I:(DE-588b)36225-6$$6P:(DE-82)054135$$aRWTH Aachen$$b8$$kRWTH
000717613 9141_ $$y2017
000717613 9151_ $$0StatID:(DE-HGF)0031$$2StatID$$aPeer reviewed article$$x0
000717613 915__ $$0StatID:(DE-HGF)0100$$2StatID$$aJCR$$bTRANSL STROKE RES : 2015
000717613 915__ $$0StatID:(DE-HGF)0111$$2StatID$$aWoS$$bScience Citation Index Expanded
000717613 915__ $$0StatID:(DE-HGF)0150$$2StatID$$aDBCoverage$$bWeb of Science Core Collection
000717613 915__ $$0StatID:(DE-HGF)0199$$2StatID$$aDBCoverage$$bThomson Reuters Master Journal List
000717613 915__ $$0StatID:(DE-HGF)0200$$2StatID$$aDBCoverage$$bSCOPUS
000717613 915__ $$0StatID:(DE-HGF)0300$$2StatID$$aDBCoverage$$bMedline
000717613 915__ $$0StatID:(DE-HGF)0310$$2StatID$$aDBCoverage$$bNCBI Molecular Biology Database
000717613 915__ $$0StatID:(DE-HGF)1110$$2StatID$$aDBCoverage$$bCurrent Contents - Clinical Medicine
000717613 915__ $$0StatID:(DE-HGF)9900$$2StatID$$aIF < 5
000717613 915__ $$0StatID:(DE-HGF)9905$$2StatID$$aIF >= 5$$bTRANSL STROKE RES : 2017
000717613 9201_ $$0I:(DE-82)533800-2_20140620$$k533800-2$$lLehrstuhl für Neurochirurgie$$x0
000717613 9201_ $$0I:(DE-82)536000-2_20140620$$k536000-2$$lKlinik und Lehrstuhl für Augenheilkunde$$x1
000717613 961__ $$c2018-02-21$$x2018-02-21$$z2018-02-22
000717613 970__ $$aeva27262
000717613 980__ $$aI:(DE-82)533800-2_20140620
000717613 980__ $$aI:(DE-82)536000-2_20140620
000717613 980__ $$aIMPORT
000717613 980__ $$aUNRESTRICTED
000717613 980__ $$aVDB
000717613 980__ $$ajournal